| Поле | Инд. | ПП | Название | Значение |
|---|---|---|---|---|
| Тип записи | a | |||
| Библиографический уровень | s | |||
| 001 | Контрольный номер | RU/IS/BASE/407523519 | ||
| 005 | Дата корректировки | 20250124120244.8 | ||
| 084 | a | Индекс другой классификации/Индекс ББК | 99.1 | |
| 090 | a | Полочн. индекс | Сводное описание журнала | |
| x | Авторский знак | G 37 | ||
| 245 | 10 | a | Заглавие | GEOFocus |
| b | Продолж. заглавия | увлекательный мир: Земля | ||
| c | Ответственность | учредитель: Грунер+Яр; гл. ред. Н. Моисеева | ||
| 260 | a | Место издания | Москва | |
| b | Издательство | Грунер+Яр | ||
| 300 | a | Объем | 82 с. | |
| 310 | a | Периодичность в н.в. | 12 раз в год | |
| 362 | 1_ | a | Даты публикации или номер тома | 2003, № 1; 2004, № 4; 2005, №№ 5, 6; 2006, №№ 1-2, 4, 7-8 |
| 500 | a | Примечание | Приложение к журналу "GEO" | |
| a | Примечание | Журнал, основан в 2003 году | ||
| a | Примечание | Издавался 2003 - 2006 | ||
| 520 | 0_ | a | Аннотация | Журнал "GEO Focus" информационно-познавательное издание, рассказывающее об истории, архитектуре, биологии, часах, технике, спорте, психологии и о многом другом для всей семьи. Основные рубрики: Цивилизация, Технологии, Медицина, Город, Экспедиция, История, Музыка, Вопросы и ответы, Призма |
| 540 | b | Поставщик/Провайдер | Библиотека | |
| c | Источник права | печатная подписка | ||
| 650 | 04 | a | Основная рубрика | универсальная тематика |
| 900 | a | Имя электронного ресурса | obl_GEO_Focus | |
| x | Справочная информация | Обложка | ||
| 901 | t | Тип документа | u | |
| 952 | a | Тип литературы для КСУ ВШ | НПЖ |